000 00576nam a22001697a 4500
003 SISC
005 20170424115903.0
008 170424b xxu||||| |||| 00| 0 eng d
020 _a9781909717671
050 _aLB 2838
_b.P882 2015
100 _aPowell, William.
245 _aTeacher self-supervision :
_bwhy teacher evaluation has failed and what can we do about it /
_cby William Powell and Ochan Kusuma-Powell.
260 _aUK,
_bJohn Catt Educational Ltd,
_c2015.
300 _a150 pages ;
_c22 cm.
500 _aIncludes bibliographical references.
942 _2lcc
_cBK
999 _c329559
_d329559